|
|
|
|
| LEADER |
00000cam a2200000 7i4500 |
| 001 |
0000069430 |
| 005 |
20190213093000.0 |
| 008 |
110202s2009 my may |
| 020 |
|
|
|a 9789834602253
|
| 050 |
0 |
0 |
|a Q125
|b .W32 2009
|
| 090 |
0 |
0 |
|a Q125
|b .W32 2009
|
| 245 |
1 |
0 |
|a Wacana sejarah dan falsafah sains :
|b pemantapan pengajian sejarah, falsafah dan dasar sains
|c penyelenggara, Azizan Baharuddin
|
| 260 |
|
|
|a Kuala Lumpur :
|b Dewan Bahasa dan Pustaka ,
|c c2009
|
| 300 |
|
|
|a xiv, 304p. :
|b ill. ;
|c 22 cm.
|
| 500 |
|
|
|a Includes indexs
|
| 505 |
0 |
|
|a 1. Pemeribumian dan patriotisme ilmu sebagai penjana ilmu baharu -- 2. Geografi dan sejarah tabii alam Melayu menurut Alfred Russel Wallace: sebuah sorotan -- 3. Teks kosmologi tertua tamadun Melayu -- 4. Etika dalam sains dan teknologi melalui kanta Islam -- 5. Etika alam sekitar, pandangan alam dan perspektif agama -- 6. Sejarah dan falsafah sais dalam memahami pemikiran oksidental -- 7. Wacana sejarah dan falsafah sains Sebagai respons terhadap kemodenan: satu tinjauan perbandingan antara wacana falsafah sains Barat dan Islam -- 8. Daripada sejarah dan falsafah sains kepada pengajian sains dan teknologi: tanggungjawab intelektual dalam pembangunan negara -- 9. Membangunkan penyelidikan sains di IPTA mengikut acuan sendiri: peranan nilai dalam agenda penyelidikan sains negara -- 10. Strategi pembangunan sains dan teknologi di negara OIC
|
| 650 |
|
0 |
|a Philosophy and science
|
| 650 |
|
0 |
|a Science
|x Philosophy
|x History
|
| 650 |
|
0 |
|a Science
|x Social aspects
|
| 700 |
0 |
|
|a Azizan Baharuddin ,
|e editor
|
| 999 |
|
|
|a 1000135562
|b Book
|c OPEN SHELF (30 DAYS)
|e Gong Badak Campus
|